000 00621nam a2200241Ia 4500
005 20250425162522.0
008 250425s9999 xx 000 0 und d
020 _a0030550270
041 _aeng
082 _a330.658
100 _aBRIGHAM, EUGENE F.
245 0 _aFUNDAMENTALS OF FINANCIAL MANAGEMENT
250 _a6TH ED.
260 _aEstados Unidos
_bTHE DRYDEN PRESS
_c1992
260 _aFORT WORTH
300 _a904
500 _aDONADO POR ING. JULIAN MACIAS ROCA
650 _aECONOMIA ADMINISTRATIVA
650 _aOPTIMIZACION
650 _aPROGRAMACION LINEAL
942 _c01
010 _a81328
999 _c230867
_d230867